| LEADER 00000nam a2200000Ia 4500 |
| 001 13399120334 |
| 003 BCNR |
| 008 090523s2551 th a 000 0 tha d |
| 020 ^a9789740915591
|
| 060 04 ^aWE740^bฉ238ฉ 2551
|
| 100 0 ^aฉัตริษา ศรีสานติวงศ์
|
| 245 10 ^aฉันผ่าตัด--ตัวเอง /^cเล็ก ฉัตริษา
|
| 246 30 ^aฉันผ่าตัด...ตัวเอง
|
| 250 ^aพิมพ์ครั้งที่ 3
|
| 260 ^aกรุงเทพฯ :^bคลินิกสุขภาพ,^c2551
|
| 300 ^a171 หน้า :^bภาพประกอบ ;^c21 ซม.
|
| 600 04 ^aฉัตริษา ศรีสานติวงศ์
|
| 650 4 ^aหมอนกระดูกสันหลังเคลื่อน
|
| 650 4 ^aหมอนกระดูกสันหลังเคลื่อน^xการรักษาด้วยการออกกำลังกาย
|
| 650 4 ^aโยคะ (กายบริหาร)^xการใช้รักษา
|
| 650 4 ^aการดูแลสุขภาพด้วยตนเอง
|
| 999 ^aบรรณารักษ์
|